[Event "Makienko Memorial"]
[Site "Rostov on Don"]
[Date "2007.??.??"]
[Round "1"]
[White "Ismatulaeva, Naida"]
[Black "Bukavshin, Ivan"]
[Result "0-1"]
[WhiteElo "1919"]
[BlackElo "2282"]
[PlyCount "52"]
[EventDate "2007.03.26"]
[EventType "swiss"]
[EventRounds "9"]
[EventCountry "RUS"]
[SourceTitle "EXT 2022"]
[Source "ChessBase"]
[SourceDate "2021.10.06"]
[SourceVersion "1"]
[SourceVersionDate "2021.10.06"]
[SourceQuality "1"]

1. c4 Nf6 2. d4 d6 3. Nc3 g6 4. e4 Bg7 5. f4 0-0 6. Nf3 c5 7. d5 e6 8. Be2 exd5 9. cxd5 Re8 10. Nd2 Na6 11. 0-0 c4 12. Bf3 b5 13. Kh1 Nc5 14. Nxb5 Nfxe4 15. Nxc4 Ba6 16. a4 Rb8 17. Nca3 Qa5 18. Nc4 Qb4 19. Ne3 Nb3 20. Nc2 Qc5 21. Be3 Ng3+ 22. hxg3 Rxe3 23. Nxe3 Nxa1 24. Qxa1 Qxe3 25. Re1 Qf2 26. Qa2 Qxe1+ 0-1